000 00805nam a22002057a 4500
999 _c20846
_d20846
003 OSt
005 20240822152843.0
008 240822b ||||| |||| 00| 0 eng d
040 _c0
082 _aDPer 510.5 Am351 June-August vol.141 no. 3-4
100 _aBourgain, Jean.
_eauthor.
_958886
245 _aDimension-free estimates for discrete Hardy-Littlewood averaging operators over the cubes in Zd /
_cJean Bourgain, Mariusz Mirek, Elias M. Stein, Blazej Wrobel.
260 _aBaltimore, Maryland U.S.;
_bJohns Hopkins University Press,
_cJune 2019.
300 _avolume 141, pages 857-905.
700 _aBourgain, Jean.
_eauthor.
_958886
700 _aMirek, Mariusz.
_eauthor.
_958887
700 _aStein, Elias M.
_eauthor.
_958888
700 _aWrobel, Blazej.
_eauthor.
_958889
942 _2ddc
_cPER